000 01439cam a22003737a 4500
003 CHAP
005 20220329142918.0
008 050215d2004 mx r 00110 spa d
010 _a89556
011 _a90528
020 _a0706711635
035 _a101084
040 _cCHAP
090 _aFolleto 16939
100 0 0 _aGonzález Oropeza, Manuel.
_949243
245 1 0 _aPrincipios constitucionales de las elecciones en las entidades federativas
_c/por Manuel González Oropeza
260 _aMéxico, D. F. :
_bTribuna Electoral del Poder Judicial de la Federación,
_c2004.
300 _a102 p.
490 0 _aColección de cuadernos de divulgación sobre aspectos doctrinarios de la justicia electoral
_v; 5
590 _aBATCH-UPD
_b10
_c20130110
_lUCH01
_h0528
590 _aBATCH-UPD
_b10
_c20130410
_lUCH01
_h0208
590 _aBATCH-UPD
_b10
_c20130914
_lUCH01
_h1003
590 _aBATCH-UPD
_b10
_c20161124
_lUCH01
_h1712
590 _aCONVERSION
_b10
_c20130109
_lUCH01
_h1350
650 1 4 _aElecciones
_xMéxico.
_936208
650 1 4 _aSistema electoral
_xMéxico.
_9106716
651 4 _aMéxico
_xPolítica y gobierno.
_976783
830 0 0 _aColección de cuadernos de divulgación sobre aspectos doctrinarios de la justicia electoral
_v; 5
_924786
901 _aBK
905 _aLilia
942 _cFOLL
949 _aFolleto 16939
_bBC
_cFOLL
_d1010841
_eTS1
_i101084
_sb
949 _aFolleto 16939
_bBC
_cFOLL
_d1010842
_eTS2
_fc.2
_i101084
_sb
999 _c89556
_d89556